| 000 | 00701nam a2200205Ia 4500 | ||
|---|---|---|---|
| 005 | 20251020182618.0 | ||
| 008 | 200515s9999 xx 000 0 und d | ||
| 082 | _aSC/696.11/C43 | ||
| 110 | _aIcic | ||
| 245 | 0 | _aManual para la instalación de tubería PVC | |
| 260 | _aMéxico | ||
| 260 | _c1982 | ||
| 300 | _a87 | ||
| 520 | _aOrientado especialmente a la instalación de sistemas de abastecimiento de agua potable y complementando para todo tipo de instalaciones de sistemas a presión, en donde es adecuado el uso de tubería de PVC. Este manual de instalación fue elaborado con el p | ||
| 650 | _aMANUALES | ||
| 650 | _aPUB ICIC | ||
| 650 | _aPVC | ||
| 650 | _aTUBERIAS | ||
| 942 | _cLIB | ||
| 999 |
_c3549 _d3549 |
||